MotoGP 2019 Riders - Statistics

General Stats
  • This quiz has been taken 213 times
  • The average score is 19 of 22
Answer Stats
Team Bike Rider Nation % Correct
Repsol Honda 93 Marc Márquez Spain
99%
Movistar Energy Yamaha 46 Valentino Rossi Italy
99%
Repsol Honda 99 Jorge Lorenzo Spain
96%
Movistar Energy Yamaha 25 Maverick Viñales Spain
95%
Suzuki Ecstar 42 Álex Rins Spain
94%
Ducati 4 Andrea Dovizioso Italy
94%
Aprilia Gresini 41 Aleix Espargaró Spain
93%
Pramac 43 Jack Miller Australia
93%
Red Bull KTM Factory 5 Johann Zarco France
93%
Red Bull KTM Factory 44 Pol Espargaró Spain
93%
Petronas Sprinta Yamaha 20 Fabio Quartararo France
91%
LCR Honda 35 Cal Crutchlow United Kingdom
90%
Ducati 9 Danilo Petrucci Italy
90%
Petronas Sprinta Yamaha 21 Franco Morbidelli Italy
90%
Suzuki Ecstar 36 Joan Mir Spain
90%
LCR Honda 30 Takaaki Nakagami Japan
88%
Aprilia Gresini 29 Andrea Iannone Italy
86%
Red Bull KTM Tech3 88 Miguel Oliveira Portugal
85%
Pramac 63 Francesco Bagnaia Italy
82%
Reale Avintia 53 Karel Abraham Czech Republic
76%
Reale Avintia 17 Tito Rabat Spain
68%
Red Bull KTM Tech3 55 Hafizh Syahrin Malaysia
64%
No matching quizzes found
Score Distribution
Percent of People with Each Score
Percentile by Number Answered
Your Score History
You have not taken this quiz